000 00698nam a2200193Ia 4500
999 _c37685
_d37685
003 GCL
005 20240530103225.0
008 140319s9999 xx 000 0 ara d
040 _aGCL /
_cGCL
082 0 4 _a210/
_bم إ
100 1 _aاحمد عبدالعظيم محمد المنفلوطى
245 1 0 _aنحو منهج اسلامى فى الفكر الادارى /
_cاحمد عبدالعظيم محمد المنفلوطى
300 _a239 ص
490 _aاسلاميات مكتبة المسلم العصرية
_v0
650 0 4 _aالاسلام والمجتمع
650 0 4 _aالشريعة الاسلامية
650 0 4 _aالاسلام - النظام الادارى
942 _2ddc
_cBK